000 00653nam a2200253Ia 4500
003 OSt
005 20221007071439.0
006 a|||||r|||| 00| 0
007 ta
008 221006b |||||||| |||| 00| 0 eng d
024 _a4,966
037 _cTextual
040 _aFLL
_cFLL
_beng
041 _2eng
_aeng
082 _aZ3,9298, L9
100 _aGarner J.F.
_9345401
245 0 _aAdministrative law
250 _a5th
260 _aLondon
_bButterworths London
_c1979
300 _axxxiii,525p
_ccm.
650 _aAdministrative law
_9681514
942 _hZ3,9298, L9
_cTEXL
_2CC
999 _c1143374
_d1143374